header

Child-centred education (Record no. 16859)

MARC details
000 -LEADER
fixed length control field 01357nam a2200337 a 4500
100 1# - MAIN ENTRY--AUTHOR NAME
Personal name Doddington, Christine.
245 10 - TITLE STATEMENT
Title Child-centred education
260 ## - PUBLICATION, DISTRIBUTION, ETC. (IMPRINT)
Place of publication Los Angeles :
Name of publisher SAGE Publications,
Year of publication 2007.
300 ## - PHYSICAL DESCRIPTION
Number of Pages xxvii, 132 p. :
Other physical details ill.
650 #0 - SUBJECT ADDED ENTRY--TOPICAL TERM
Topical Term Creative teaching
Topical Term Individualized instruction
Topical Term Education
700 1# - ADDED ENTRY--PERSONAL NAME
Personal name Hilton, Mary,
856 40 - ELECTRONIC LOCATION AND ACCESS
Uniform Resource Identifier http://site.ebrary.com/lib/rucke/Doc?id=10285237

No items available.

© 2026 Rongo University
Contact us: librarian | system librarian | Rongo university